| 000 | 00843nam a2200253Ia 4500 | ||
|---|---|---|---|
| 003 | OSt | ||
| 005 | 20220923224532.0 | ||
| 006 | a|||||r|||| 00| 0 | ||
| 007 | ta | ||
| 008 | 220922b |||||||| |||| 00| 0 pan d | ||
| 020 | _c80 | ||
| 024 | _a240,534 | ||
| 037 |
_b7501/4, 19/11/2009, Arsee Publishers _cTextual |
||
| 040 |
_aARTS _cARTS _bpan |
||
| 041 |
_2pan _apan |
||
| 082 | _aO152,1G70:g, 153P9 | ||
| 100 | _aਭਗਤ, ਰਘਬੀਰ ਸਿੰਘ | ||
| 245 | 0 | _aਭਗਤ ਨਾਮਦੇਵ ਜੀ | |
| 260 |
_aਲੁਧਿਆਣਾ _b ਲਾਹੌਰ ਬੁੱਕ Fਾਪ _c2009 |
||
| 300 |
_a96ਪੰ _ccm. |
||
| 650 | _aਹਿੰਦੀ ਸਾਹਿਤ | ||
| 942 |
_hO152,1G70:g, 153P9 _cTEXL _2CC |
||
| 999 |
_c372044 _d372044 |
||